| 000 | 00521nam a2200193 a 4500 | ||
|---|---|---|---|
| 001 | 1757824957452 | ||
| 003 | YourLibrary | ||
| 005 | 20250915121407.0 | ||
| 008 | 250914s1968##################000#0#eng## | ||
| 020 | _a9780415051392 | ||
| 082 | 0 | 4 |
_a150.195 _bJUN |
| 100 | 1 |
_aJung, Carl Gustav, _eauthor. |
|
| 245 | 1 | 0 | _aThe Archetypes and the Collective Unconscious : |
| 260 |
_bPsychology Press, _c1968. |
||
| 300 | _a451 pages | ||
| 650 | 0 | _aPsychology. | |
| 942 | _cENGLISH | ||
| 040 |
_aYourLibrary _beng _cYourLibrary |
||
| 999 |
_c587045 _d587045 |
||